Feste Wortverbindungen und Lexikographie Kolloquium zur Lexikographie und Wörterbuchforschung /
Wedi'i Gadw mewn:
| Awduron Corfforaethol: | , |
|---|---|
| Awduron Eraill: | |
| Fformat: | Electronig Trafodyn Cynhadledd eLyfr |
| Iaith: | Almaeneg Saesneg |
| Cyhoeddwyd: |
Berlin :
De Gruyter,
c2010.
|
| Cyfres: | Lexicographica. Series maior ;
138. |
| Pynciau: | |
| Mynediad Ar-lein: | An electronic book accessible through the World Wide Web; click to view |
| Tagiau: |
Dim Tagiau, Byddwch y cyntaf i dagio'r cofnod hwn!
|
MARC
| LEADER | 00000nam a2200000 a 4500 | ||
|---|---|---|---|
| 001 | 0000127051 | ||
| 005 | 20171002060821.0 | ||
| 006 | m u | ||
| 007 | cr cn||||||||| | ||
| 008 | 101006s2010 gw a sb 100 0 ger d | ||
| 010 | |z 2010514423 | ||
| 020 | |z 9783110234053 (hd.bd.) | ||
| 020 | |z 311023405X (hd.bd.) | ||
| 035 | |a (CaPaEBR)ebr10424414 | ||
| 035 | |a (OCoLC)694144820 | ||
| 040 | |a CaPaEBR |c CaPaEBR | ||
| 041 | 0 | |a ger |a eng | |
| 050 | 1 | 4 | |a P327 |b .I584 2010eb |
| 111 | 2 | |a Internationales Kolloquium zur Lexikographie und Wörterbuchforschung |n (5th : |d 2008 : |c Bratislava, Slovakia) | |
| 245 | 1 | 0 | |a Feste Wortverbindungen und Lexikographie |h [electronic resource] : |b Kolloquium zur Lexikographie und Wörterbuchforschung / |c Peter Ďurčo. |
| 260 | |a Berlin : |b De Gruyter, |c c2010. | ||
| 300 | |a 180 p. : |b ill. | ||
| 490 | 1 | |a Lexicographica. Series maior, |x 0175-9264 ; |v 138 | |
| 504 | |a Includes bibliographical references. | ||
| 505 | 0 | 0 | |t Polysemie und Polyäquivalenz der Kollokationen im Deutsch-slowakischen Kollokationswörterbuch / |r Monika Banášová -- |t Zur lexikographischen Bearbeitung von Kollokationen in allgemeinen zweisprachigen Wörgerbüchern Bulgarisch-Deutsch / |r Emilia Baschewa -- |t Lexical collocability: the case of verbs and adverbs / |r Frantisiek Čermák -- |t Konstruktionsgrammatik und Lexikographie: Verben der Forgbewegung im "Neuen deutsch-russischen Growörterbuch" / |r Dmitrij Dobrovol'skij, Artëm Šarandin -- |t Extracting data from corpora statistically: pros and cons / |r Peter Ďurčo -- |t Fixed word combinations as second level treatment unites in dictionaries / |r Rufus H. Gouws -- |t Die lexikographische Erfassung von Kollokationen in Dialektwörterbüchern / |r Annelies Häcki Buhofer -- |t Umfang der Kollokationen / |r Astrid Hamzlíčková -- |t Auf dem schmalen Grad zwischen Kollokationen und festen Worftverbindungen / |r Zita Hollós -- |t Vergleich der Kookkurrenzprofile von ausgewählten Wörtern / |r Jana Homolová -- |t Compiling the first electronic dictionary of Slovak collocations / |r Daniela Majchráková, Peter Ďurčo -- |t Fachsprachliche Kollokationen im linguistischen Diskurs / |r Mikaela Petkova-Kessanlis -- |t Die korpusbasierte Identifikation fester Wortverbindungen / |r Uwe Quasthoff, Fabian Schmidt -- |t The complexity of the translation of phraseological units and its implications for English-Slovene bilingual dictionaries / |r Alenka Vrbinc -- |t The translation and lexicographic aspects of idioms from literary sources / |r Marjeta Vrbinc -- |t Makro- und mikrostrukturelle Präsentationsprobleme bei Phrasemen in allgemeinen einsprachigen Wörterbüchern: Vorschläge für ihre Lösung / |r Herbert Ernst Wiegand. |
| 533 | |a Electronic reproduction. |b Palo Alto, Calif. : |c ebrary, |d 2013. |n Available via World Wide Web. |n Access may be limited to ebrary affiliated libraries. | ||
| 546 | |a German and English. | ||
| 650 | 0 | |a Lexicography |v Congresses. | |
| 650 | 0 | |a Phraseology |v Congresses. | |
| 650 | 0 | |a Idioms |v Congresses. | |
| 655 | 7 | |a Electronic books. |2 local | |
| 700 | 1 | |a Ďurčo, Peter. | |
| 710 | 2 | |a ebrary, Inc. | |
| 830 | 0 | |a Lexicographica. |p Series maior ; |v 138. | |
| 856 | 4 | 0 | |u http://site.ebrary.com/lib/daystar/Doc?id=10424414 |z An electronic book accessible through the World Wide Web; click to view |
| 908 | |a 170314 | ||
| 942 | 0 | 0 | |c EB |
| 999 | |c 116200 |d 116200 | ||